000 00359nam a2200133Ia 4500
008 240624s9999 xx 000 0 und d
041 _aeng
082 _a658.812 SHE
100 _aSHETH JAGDISH N
245 _aCUSTOMER RELATIONSHIP MANAGEMENT EMERGIN
260 _c2014
_aNew Delhi
_bTata McGrawhill
300 _axv, : 544 : p. : cm. ; 25
365 _cRS
_b33
999 _c26264
_d26264